Hepatitída C je liečiteľná

Bibliographic Details
Format: Article
Language:Slovak
PhysicalDescription:Fotogr.
ISSN:1335-4477
Subjects:

MARC

LEADER 00000nab a2200000 a 4500
001 vtls008901772
003 SK-MaSNL
005 20260303071440.0
008 140303c2006 xo wrzp 0 0slo
015 |a SNBRB2006/12  |2 snkbucl 
040 |a SNKBUCL  |b slo  |c SNKBUCL  |e AACR2 
041 0 |a slo 
044 |a xo  |c SK 
080 |a 616.36-002:616.98  |2 1997 
245 0 0 |a Hepatitída C je liečiteľná  |c [spracoval] (ou) 
300 |a Fotogr. 
650 0 7 |a hepatitída C  |2 snkbucl  |9 25732 
773 0 |t Zdravotnícke noviny  |g Roč. XI, č. 43 (2006)  |x 1335-4477 
773 0 8 |t Lekárske listy  |g Č. 43 (2006), s. 23 
852 |a SNK  |b KIS3GCP 
958 |a MI 
958 |a SK 
999 |c 1759958  |d 1761888